00343nam a2200121Ia 4500003000400000008004100004020001100045040000800056100002300064245008400087260004000171300001000211LDD181101s9999 xx 000 0 und d c120.00 cLDD aKhan, Mujeeb Ahmad 0aGul-e-sad bargb (qurratul-ain Hyder ke mazaamin ka majmu'a)cMujeeb Ahmad Khan aNew DelhibMaktaba Jamia Ltd.c2006 a136p.